00000000nam 2200000zi 4500
0019.936545
003CaOODSP
00520250108083305
006m     o  d f      
007cr |n|||||||||
008240321e19990121oncdb   ob   f|0| 0 eng d
040 |aCaOODSP|beng|erda|cCaOODSP
043 |an-cn---
0861 |aEn4-701/1999E-PDF
1001 |aBrimley, William A., |eauthor.
24510|aEstablishment of the Reference Hydrometric Basin Network (RHBN) for Canada / |cprepared by: Bill Brimley, Jean-François Cantin, Dave Harvey, Mike Kowalchuk, Phil Marsh, Taha Ouarda, Bob Phinney, Paul Pilon, Mike Renouf, Bruno Tassone, Randy Wedel, Ted Yuzyk.
264 1|a[Ottawa] : |bEnvironment Canada = Environnement Canada, |cJanuary 21, 1999.
300 |a1 online resource (42 pages) : |bcharts, maps
336 |atext|btxt|2rdacontent
337 |acomputer|bc|2rdamedia
338 |aonline resource|bcr|2rdacarrier
500 |aDigitized edition from print [produced by Environment and Climate Change Canada].
500 |a"Draft."
504 |aIncludes bibliographical references (pages 34-36).
650 0|aHydrometeorology|xResearch|zCanada.
650 0|aHydrological stations|zCanada.
650 6|aHydrométéorologie|xRecherche|zCanada.
650 6|aStations hydrométriques|zCanada.
7101 |aCanada. |bEnvironment Canada, |eissuing body.
85640|qPDF|s2.32 MB|uhttps://publications.gc.ca/collections/collection_2025/eccc/en4/En4-701-1999-eng.pdf